Contrat d' union civile : le dossier : ou la volonte' de faire aboutir le contrat d'union civile /

Furkejuvvon:
Bibliográfalaš dieđut
Váldodahkki: Pouliquen, Jan-Paul (Dahkki)
Materiálatiipa: Girji
Giella:fránskkagiella
Almmustuhtton: [Montreuil] : Humoeurs, 1994
Fáddágilkorat: Lasit fáddágilkoriid
Eai fáddágilkorat, Lasit vuosttaš fáddágilkora!

MARC

LEADER 00000nam a22000007i 4500
001 IT\ICCU\UBO\1873704
003 ItRI
005 20260115232312.0
008 030314s1994 fr |||||| ||||| |||||c
040 |b ita  |c importazione bologna sebina 
041 7 |a fre  |2 ISO-639-2 
100 1 |a Pouliquen, Jan-Paul  |0 IT\ICCU\UBOV\772145  |4 aut 
245 1 0 |a Contrat d' union civile :  |b le dossier : ou la volonte' de faire aboutir le contrat d'union civile /  |c Jan-Paul Pouliquen. 
260 |a [Montreuil] :  |b Humoeurs,  |c 1994 
300 |a 239 p. ;  |c 21 cm 
500 |a Numero fuori serie. 
772 1 |w IT\ICCU\UBO\2138983  |t Humoeurs. 
942 |2 ddc  |c BK  |n 0 
952 |0 0  |1 0  |4 0  |6 DOC_348_000000000000000_POU  |7 0  |9 23837  |a BO  |b BO  |d 2026-01-15  |i 3719  |l 0  |o DOC 348 POU  |p BO3719  |r 2026-01-15 23:23:12  |w 2026-01-15  |x [Sebina 5] [1 v.]  |y BK  |z 1 v. 
999 |c 20302  |d 20302